MDQL
is popping MORE tags! Check the
thread
!
Quizzes
Events
Quiz Creation
Community
Videos
Private Events
Remove Ads
Sign In
Join for FREE
Feedback
Dark Mode
Quiz Categories
Sports
Geography
Music
Movies
Television
Just For Fun
Miscellaneous
History
Literature
Language
Science
Gaming
Entertainment
Religion
Holiday
For Kids
Quiz Lab
Recent
Popular Today
Quiz Kudos Today
Editor Picks
Curator Picks
Quizzes by...
Day
Popularity
Type
Ratings
Length
Year
Community
Subscriptions
Recent Discussions
Orange Saloon
Badges
Playlists
Quests
Create
Leaderboards
Showdown
Live 5
Trivia Bingo
Activity
Puzzle Library
Sporcle Events
Private Events
Virtual Trivia
Globe League
Become a Host
Pub Owners
SporcleCon
Opinionation
Our Games
Videos
Blog
Mobile Apps
Partnerships
Remove Ads and Go Orange
Feedback
Just For Fun
Clickable
Get the Picture
Humor
Quick Pick
Word Ladder
Missing Word
Mixed Word
Blitz
Minefield
This or That
Alphabet
Color
Typing
Sporcle
Puzzle
Word Play
Follow That Line
Logic
Just For Fun
Clickable
Get the Picture
Humor
Quick Pick
Word Ladder
Missing Word
Mixed Word
Blitz
Minefield
This or That
Alphabet
Color
Typing
Sporcle
Puzzle
Word Play
Follow That Line
Logic
Random Quiz
Search Sporcle
×
Quiz Lab
Quiz Lab
Just For Fun
Disney
Type in answers that appear in a list
Type in answers that appear in a list
Classic
Best Score? Go Orange.
Walt Disney World Table-Service Restaurants 2015 Stats
Can you name the Disney World Table Service Restaurants
By
unomas
15m
88 Questions
472 Plays
472 Plays
472 Plays
Comments
Comments
Give Quiz Kudos
Give Quiz Kudos
-
- Ratings
hide this ad
Replay
Link that replays current quiz
Next Quiz
Link to next quiz in quiz playlist
You Got
0%
They Got
Avg Score
48%
Avg Friend Score
Upgrade to see
Score Distribution
Jump to the score distribution portion of the page
Score
0/88
Timer
15:00
0
Plays Today
Hint
Answer
% Correct
Magic Kingdom Park
Be Our Guest Restaurant
85%
Magic Kingdom Park
The Crystal Palace
81.1%
Disney's Animal Kingdom Theme Park
Rainforest Cafe at Disney's Animal Kingdom
77.3%
Downtown Disney Area
Rainforest Cafe at Downtown Disney Marketplace
77.3%
Magic Kingdom Park
Cinderella's Royal Table
76.9%
Disney's Hollywood Studios
50's Prime Time Cafe
73.7%
Disney's Polynesian Village Resort
'Ohana
73.7%
Disney's Contemporary Resort
Chef Mickey's
73.5%
Magic Kingdom Park
Liberty Tree Tavern
72.2%
Disney's Animal Kingdom Theme Park
Yak & Yeti Restaurant
72.2%
Disney's Hollywood Studios
The Hollywood Brown Derby
72%
Epcot
Le Cellier Steakhouse
71.8%
Magic Kingdom Park
Tony's Town Square Restaurant
70.1%
Disney's Hollywood Studios
Mama Melrose's Ristorante Italiano
69.9%
Disney's Contemporary Resort
California Grill
68.4%
Disney's Hollywood Studios
Hollywood & Vine
68%
Disney's Grand Floridian Resort & Spa
Victoria & Albert's
67.8%
Disney's Hollywood Studios
Sci-Fi Dine-In Theater Restaurant
66.9%
Magic Kingdom Park
The Plaza Restaurant
66.7%
Disney's Animal Kingdom Theme Park
Tusker House Restaurant
66.5%
Epcot
Rose & Crown Pub & Dining Room
65.7%
Epcot
Biergarten Restaurant
64.6%
Epcot
Coral Reef Restaurant
64%
Disney's Animal Kingdom Lodge
Boma - Flavors of Africa
64%
Epcot
Nine Dragons Restaurant
63.8%
Epcot
The Garden Grill
61.7%
Epcot
San Angel Inn Restaurante
61.7%
Epcot
Chefs de France
61.4%
Epcot
Via Napoli Ristorante e Pizzeria
61.4%
Epcot
Akershus Royal Banquet Hall
59.3%
Hint
Answer
% Correct
Disney's Grand Floridian Resort & Spa
1900 Park Fare
58.5%
Epcot
Teppan Edo
58.1%
Disney's Animal Kingdom Lodge
Jiko - The Cooking Place
57%
Disney's Contemporary Resort
The Wave... of American Flavors
56.8%
Disney's Polynesian Village Resort
Kona Cafe
56.4%
Epcot
Restaurant Marrakesh
54.9%
Disney's Beach Club Resort
Beaches & Cream Soda Shop
54.4%
Disney's Animal Kingdom Villas -
Kidani Village
Sanaa
53.8%
Epcot
Tutto Italia Ristorante
53%
Disney's Grand Floridian Resort & Spa
Narcoossee's
52.5%
Downtown Disney Area
T-REX
52.1%
Disney's Wilderness Lodge
Artist Point
50.4%
Disney's Wilderness Lodge
Whispering Canyon Cafe
49.8%
Disney's Beach Club Resort
Cape May Cafe
48.9%
Disney's Grand Floridian Resort & Spa
Citricos
48.5%
Disney's Grand Floridian Resort & Spa
Grand Floridian Cafe
48.3%
Disney's BoardWalk
Flying Fish Cafe
47.7%
Epcot
Monsieur Paul
47.2%
Downtown Disney Area
Planet Hollywood
47%
Disney's Yacht Club Resort
Yachtsman Steakhouse
47%
Epcot
Tokyo Dining
46.6%
Epcot
La Hacienda de San Angel
46.2%
Epcot
Spice Road Table
43.6%
Downtown Disney Area
Raglan Road Irish Pub and Restaurant
43.6%
Disney's Old Key West Resort
Olivia's Cafe
42.4%
Disney's Port Orleans Resort -
Riverside
Boatwright's Dining Hall
41.7%
The Campsites at Disney's Fort Wilderness Resort
Trail's End Restaurant
41.5%
Disney's BoardWalk
ESPN Club
40.5%
Downtown Disney Area
Crossroads at House of Blues
38.8%
Downtown Disney Area
The BOATHOUSE
38.6%
Hint
Answer
% Correct
Downtown Disney Area
Fulton's Crab House
36.7%
The Campsites at Disney's Fort Wilderness Resort
Hoop-Dee-Doo Musical Revue at Pioneer Hall
34.3%
Disney's Polynesian Village Resort
Spirit of Aloha at Luau Cove
32.8%
Disney's Coronado Springs Resort
Maya Grill
31.1%
Walt Disney World Swan Hotel
Il Mulino
30.9%
Downtown Disney Area
Bongos Cuban Cafe
30.3%
Walt Disney World Dolphin Hotel
Shula's Steak House
30.1%
Disney's Caribbean Beach Resort
Shutters at Old Port Royale
29.9%
Downtown Disney Area
Paradiso 37, Taste of the Americas
29.7%
Walt Disney World Dolphin Hotel
Todd English's bluezoo
29%
Downtown Disney Area
Splitsville Luxury Lanes
28.8%
Walt Disney World Swan Hotel
Garden Grove
28.8%
Disney's BoardWalk
Trattoria al Forno
28.6%
Disney's Yacht Club Resort
Captain's Grille
28.4%
Disney's BoardWalk
Big River Grille & Brewing Works
28%
The Campsites at Disney's Fort Wilderness Resort
Mickey's Backyard BBQ at Fort Wilderness Pavilion
26.1%
Disney's Saratoga Springs Resort & Spa
The Turf Club Bar and Grill
23.9%
Downtown Disney Area
Morimoto Asia
23.7%
Walt Disney World Swan Hotel
Kimonos
21%
Disney's Grand Floridian Resort & Spa
Afternoon Tea at Garden View Tea Room
18%
Downtown Disney Area
Portobello Country Italian Trattoria
17.2%
Downtown Disney Area
Wolfgang Puck Grand Cafe
16.7%
Disney's Coronado Springs Resort
Las Ventanas
15.5%
Downtown Disney Area
AMC Downtown Disney 24 Dine-In Theatres
13.6%
Walt Disney World Dolphin Hotel
Fresh Mediterranean Market
13.6%
Walt Disney World Dolphin Hotel
The Fountain
12.9%
Four Seasons Orlando at Walt Disney World Resort
Capa
12%
Four Seasons Orlando at Walt Disney World Resort
Ravello
11.7%
Quiz Playlist
Details
Report
Send in Message
Add To Playlist
Classic:
Type in answers that appear in a list
Last Updated: Feb 16, 2017
Quiz Scoreboard
CHALLENGE
Sign Up to Join the Scoreboard
Show All
Scores
Hide
Comments
May contain spoilers
Recently Published
Holiday 10x10 Sorting Gallery
by lukepisani3
Holiday
15m
Two Season TV Shows II
by 123Four
Television
10m
Image Sorting: Flags VI
by Barbecue
Geography
2m
More to Explore
Quiz From the Vault
Featured Blog Post
14 Easter Pick-up Lines to Find Eggs With
hide this ad
You Might Also Like...
Tags
Disney Quiz
Restaurants Quiz
Dining
Dining Locations
Disney World
Orlando
Theme Park
US Restaurants
Walt Disney
Today's Top Quizzes in Just For Fun
Browse Just For Fun
hide this ad
Today's Top Quizzes in Disney
Browse Disney
Top Contributed Quizzes in Just For Fun
1
Name Just One - 10 to 1: Just For Fun
2
Missing Word: 2-Letter A-Z II
3
Eurovision 2024 Countries Logic Puzzle
4
Missing Letter Whitney Houston Songs
5
Avatar the Last Airbender: Logic Puzzle
6
Missing Word: 'Of' Things A-Z
7
Survivor Winners Logic Puzzle
8
It's Magic / Witchcraft 🎩🪄🧙♀️
9
Killer Double Trees 224 - Colour Match-Up
10
Missing Word: 'Of' Things A-Z II
Explore More
Trending Topics
Crossword
Disney
Anime
Marvel
Harry Potter
NBA
Kpop
The Office
WWE
Country
NFL
Soccer
Song
Pokémon
Puzzle
hide this ad
More By:
unomas
Quiz
Plays
Rating
Category
Featured
Created
Walt Disney World Table-Service Restaurants 2015
472
4.33
Just For Fun
Nov 16, 2014
Romeo and Juliet Characters
65
Literature
May 18, 2011
Red Faction 2 Characters
6
Gaming
May 15, 2011
Go to Creator's Profile
Score Distribution
Quiz Creator Spotlight
unomas
Follow
Send a Message
Quizzes Created
-
Created Quiz Play Count
-
More By This Creator
Popular Quizzes Today
1
Find the US States - No Outlines Minefield
2
Colored Red Africa Blitz
3
Find the 'City' Movie
4
The Countries of the World
5
5x2 Blitz: Bands
6
Find the US States
7
Find the Countries of Europe - No Outlines Minefield
8
US States
More Just For Fun Quizzes
Quick Pick - Proverbial Opposites!
Editor's Pick
Trending Quizzes
Colored Red Europe Blitz I
Colored Red Europe Blitz II
Colored Red Africa Blitz II
Colored Red Europe Blitz III
Colored Red Africa Blitz III
Recently Updated
Odd Team Out - Big 4 Players
pecheneg
Quick Pick: 20 Twenties
pecheneg
March Madness Men's Triple Doubles
pecheneg
How Do You Spell That?
pecheneg
Godzilla Movies
pecheneg
Grab Bag: 4-10 Letters
pecheneg
2024 March Madness Bracket
pecheneg
Famous TV Couples
Peacemaker
Champions League XIs: Real Madrid
pecheneg
Largest US Cities 1790-2010
pecheneg
Trending Topics
Kpop
Marvel
Harry Potter
NBA
Crossword
Disney
Anime
Soccer
Pokémon
WWE
Country
The Office
Song
NFL
Puzzle
Your Account Isn't Verified!
In order to create a playlist on Sporcle, you need to verify the email address you used during registration. Go to your
Sporcle Settings
to finish the process.
Report this User
Report this user for behavior that violates our
Community Guidelines
.
Details:
Send Report
Go to the Sporcle.com Mobile Site →
Comments